[Event "Veracruz op 2nd"]
[Site "Xalapa"]
[Date "2024.04.26"]
[Round "3"]
[White "Gonzalez Zharikov, Andrey"]
[Black "Breton Diaz Miron, Jaime Elpidio"]
[Result "1-0"]
[WhiteElo "2037"]
[BlackElo "1924"]
[PlyCount "79"]
[EventDate "2024.04.25"]
[EventType "swiss"]
[EventRounds "6"]
[EventCountry "MEX"]
[SourceTitle "CB18_2024"]
[SourceDate "2024.05.01"]
[SourceVersion "1"]
[SourceVersionDate "2024.05.01"]
[SourceQuality "2"]

1. e4 e5 2. Nf3 Nc6 3. Bb5 a6 4. Ba4 Bc5 5. 0-0 b5 6. Bb3 d6 7. c3 Nf6 8. a4 Bg4 9. h3 Bh5 10. d3 h6 11. Be3 0-0 12. Nbd2 Rb8 13. axb5 axb5 14. g4 Bxe3 15. fxe3 Bg6 16. Nh4 Ne7 17. Qf3 c6 18. Ra7 d5 19. Nxg6 Nxg6 20. exd5 cxd5 21. Rfa1 Re8 22. Qg3 Re7 23. Rxe7 Qxe7 24. g5 hxg5 25. Qxg5 Qe6 26. Kh2 Qd6 27. Kh1 Qe6 28. Qg3 Rd8 29. Rg1 e4 30. d4 Nh5 31. Qg4 Qxg4 32. hxg4 Nf6 33. Kh2 Kf8 34. Kg3 Ke7 35. Ra1 Ne8 36. Ra7+ Kf6 37. Nxe4+ dxe4 38. Rxf7+ Kg5 39. Rf5+ Kh6 40. Rh5# 1-0

[Event "Titled Tuesday intern op 27th Feb Late"]
[Site "Chess.com INT"]
[Date "2024.02.27"]
[Round "3"]
[White "Gonzalez Zharikov, Andrey"]
[Black "Aaron, Deepak"]
[Result "1-0"]
[WhiteElo "1985"]
[BlackElo "2278"]
[PlyCount "33"]
[EventDate "2024.02.27"]
[EventType "swiss (blitz)"]
[EventRounds "11"]
[EventCountry "USA"]
[SourceTitle "CB10_2024"]
[SourceDate "2024.03.06"]
[SourceVersion "1"]
[SourceVersionDate "2024.03.06"]
[SourceQuality "1"]

1. e4 e6 2. d4 d5 3. Nd2 dxe4 4. Nxe4 Nd7 5. Nf3 Ngf6 6. Nxf6+ Nxf6 7. Bd3 c5 8. c3 cxd4 9. Nxd4 Be7 10. 0-0 0-0 11. Bg5 b6 12. Nc6 Qc7 13. Nxe7+ Qxe7 14. Qf3 Bb7 15. Bxf6 gxf6 16. Qg3+ Kh8 17. Qh4 1-0

[Event "Titled Tuesday intern op 13th Feb Early"]
[Site "Chess.com INT"]
[Date "2024.02.13"]
[Round "1"]
[White "Causo, Deniel"]
[Black "Gonzalez Zharikov, Andrey"]
[Result "1-0"]
[WhiteElo "2224"]
[BlackElo "1985"]
[PlyCount "139"]
[EventDate "2024.02.13"]
[EventType "swiss (blitz)"]
[EventRounds "11"]
[EventCountry "USA"]
[SourceTitle "CB08_2024"]
[SourceDate "2024.02.21"]
[SourceVersion "1"]
[SourceVersionDate "2024.02.21"]
[SourceQuality "1"]

1. e4 c6 2. d4 d5 3. Nd2 dxe4 4. Nxe4 Nd7 5. Ng5 Ngf6 6. Bd3 e6 7. N1f3 Bd6 8. Qe2 0-0 9. Nxe6 fxe6 10. Qxe6+ Kh8 11. Qxd6 Re8+ 12. Be3 Qa5+ 13. c3 Qd5 14. Qxd5 Nxd5 15. Kd2 N7f6 16. h3 b6 17. Rae1 Bb7 18. Bg5 Red8 19. Ne5 Kg8 20. Bc4 c5 21. dxc5 bxc5 22. Kc1 Kf8 23. Rd1 Nb6 24. Rxd8+ Rxd8 25. Bf1 Rd5 26. Bxf6 gxf6 27. Nf3 Rf5 28. Be2 Nd5 29. Bd3 Rf4 30. Bxh7 f5 31. Bg6 Nf6 32. h4 Kg7 33. h5 Bxf3 34. gxf3 Rxf3 35. Rg1 Kh6 36. Rg2 Ng4 37. Bxf5 Rxf5 38. Rxg4 Rxf2 39. Ra4 Rf7 40. Ra5 Rc7 41. Kc2 Kxh5 42. Kd3 Kg6 43. Kc4 Rb7 44. b3 Kf6 45. Rxc5 Ke6 46. b4 Kd6 47. a4 Rf7 48. a5 a6 49. Rd5+ Kc6 50. Rh5 Rf4+ 51. Kb3 Rf3 52. Rh6+ Kb7 53. Rb6+ Ka7 54. Rc6 Kb7 55. Rc5 Re3 56. Kc4 Re4+ 57. Kd5 Rh4 58. c4 Rh5+ 59. Kd4 Rh4+ 60. Kc3 Rh3+ 61. Kb2 Rh2+ 62. Kb3 Rh3+ 63. Ka4 Rh1 64. b5 Ra1+ 65. Kb4 Rb1+ 66. Kc3 Rc1+ 67. Kb2 Rh1 68. b6 Rh3 69. Rc7+ Kb8 70. Ra7 1-0

[Event "Wch U20 60th"]
[Site "Mexico City"]
[Date "2023.09.27"]
[Round "6"]
[White "Gonzalez Zharikov, Andrey"]
[Black "Abdilkhair, Abilmansur"]
[Result "1/2-1/2"]
[WhiteElo "2019"]
[BlackElo "2241"]
[PlyCount "61"]
[EventDate "2023.09.21"]
[EventType "swiss"]
[EventRounds "11"]
[EventCountry "MEX"]
[SourceTitle "EXT 2024"]
[Source "ChessBase"]
[SourceDate "2023.10.10"]
[SourceVersion "1"]
[SourceVersionDate "2023.10.10"]
[SourceQuality "1"]

1. e4 e5 2. Nf3 Nc6 3. Bb5 f5 4. Nc3 fxe4 5. Nxe4 Nf6 6. Qe2 d5 7. Nxf6+ gxf6 8. d4 Bg7 9. dxe5 0-0 10. e6 Ne5 11. 0-0 Bxe6 12. Nd4 Bg4 13. f3 Bd7 14. f4 c6 15. Ba4 Qb6 16. c3 Rae8 17. Qh5 Bg4 18. Qh4 Be2 19. fxe5 fxe5 20. Rxf8+ Rxf8 21. Bh6 Bxh6 22. Qxh6 exd4 23. Qg5+ Kf7 24. Qf5+ Kg7 25. Qg5+ Kf7 26. Qf5+ Ke7 27. Qe5+ Kd8 28. Qd6+ Ke8 29. Qe6+ Kd8 30. Qd6+ Ke8 31. Qe6+ 1/2-1/2